[Event "Gaylord (NMO/5/1)"]
[Site "?"]
[Date "1994.??.??"]
[Round "?"]
[White "Smalec, John"]
[Black "Gabbara, Faris"]
[Result "1-0"]
[WhiteElo "1700"]
[BlackElo "2195"]
[PlyCount "111"]
[EventDate "1994.??.??"]

{5/(1)} 1. e4 c5 2. Nf3 e6 3. d4 cxd4 4. Nxd4 a6 5. Bc4 Qc7 6. Bb3 Nf6 7. f3
Bd6 8. g3 h5 9. Qe2 h4 10. g4 b5 11. Nc3 Be5 12. Be3 Bb7 13. O-O-O Nc6 14. Nxc6
Bxc6 15. Bd4 O-O-O 16. Qf2 Kb7 17. Kb1 d5 18. exd5 exd5 19. Bxe5 Qxe5 20. Rhe1
Qd6 21. g5 b4 22. Na4 Nd7 23. Qd4 Bxa4 24. Bxa4 Nb6 25. Bb3 f6 26. gxf6 gxf6
27. Re2 Rhe8 28. Rde1 Qxh2 29. Re7+ Rxe7 30. Rxe7+ Kc6 31. Qxb4 Qg1+ 32. Re1
Qc5 33. Qxh4 Rd6 34. a3 Nc4 35. Bxc4 dxc4 36. Qe4+ Kb5 37. Qe8+ Ka5 38. Rh1 Rd5
39. Qe1+ Kb5 40. Rh6 Re5 41. Qd2 Qe7 42. Rh8 a5 43. Rb8+ Ka6 44. Qf2 Re3 45.
Ra8+ Kb5 46. Qd2 Kc6 47. Rxa5 Re5 48. Ra6+ Kb7 49. Rd6 Kc7 50. Rd4 Qe6 51. Qc3
Rc5 52. Re4 Qc6 53. Rf4 f5 54. Rh4 Kb6 55. Rh7 Rd5 56. Qg7 1-0

[Event "Detroit (MEX/2/8)"]
[Site "?"]
[Date "1994.??.??"]
[Round "?"]
[White "Sloan, Thomas"]
[Black "Noren, Kevin"]
[Result "1/2-1/2"]
[WhiteElo "2100"]
[BlackElo "2325"]
[PlyCount "41"]
[EventDate "1994.??.??"]

{2/(8)} 1. f4 c5 2. Nf3 g6 3. g3 b6 4. e4 Bb7 5. Nc3 Bg7 6. d3 Nf6 7. e5 Nd5 8.
Ne4 Nc6 9. Bg2 O-O 10. c3 d6 11. exd6 exd6 12. O-O Nde7 13. Nh4 d5 14. Ng5 h6
15. f5 hxg5 16. Bxg5 f6 17. fxg6 fxg5 18. Qh5 Nxg6 19. Nxg6 Rxf1+ 20. Rxf1 Ne7
21. Nf8 1/2-1/2

[Event "Detroit (MEX/4/7)"]
[Site "?"]
[Date "1994.??.??"]
[Round "?"]
[White "Sloan, Thomas"]
[Black "Fiszner, M."]
[Result "1/2-1/2"]
[WhiteElo "2100"]
[BlackElo "2160"]
[PlyCount "25"]
[EventDate "1994.??.??"]

{4/(7)} 1. f4 d5 2. Nf3 Nf6 3. g3 Bf5 4. Bg2 e6 5. O-O Nbd7 6. d3 c6 7. Nh4 Bg6
8. Qe1 Qb6+ 9. Kh1 O-O-O 10. e4 Re8 11. Nc3 Be7 12. Na4 Qd4 13. Nc3 1/2-1/2

[Event "Eastpointe (EDO/5/2)"]
[Site "?"]
[Date "1994.??.??"]
[Round "?"]
[White "Sloan, Thomas"]
[Black "Everett, Morgan"]
[Result "1-0"]
[WhiteElo "2105"]
[BlackElo "2160"]
[PlyCount "63"]
[EventDate "1994.??.??"]

{5/(2)} 1. f4 c5 2. Nf3 Nf6 3. g3 g6 4. Bg2 Bg7 5. O-O O-O 6. d3 d5 7. Qe1 d4
8. Na3 Nc6 9. Nc4 Be6 10. Nfe5 Nb4 11. Qd1 Bd5 12. c3 Bxg2 13. Kxg2 Nbd5 14. e4
dxe3 15. Nxe3 Nxe3+ 16. Bxe3 Nd5 17. Bxc5 Nxc3 18. bxc3 Qd5+ 19. Qf3 Qxc5 20.
Nd7 Qxc3 21. Nxf8 Qb2+ 22. Kh1 Rxf8 23. Rab1 Qxa2 24. Rxb7 Bf6 25. g4 Rc8 26.
g5 Ba1 27. Rf2 Rc1+ 28. Kg2 Qa6 29. Qd5 Re1 30. Rb8+ Kg7 31. Qa8 f5 32. Rh8 1-0

[Event "Eastpointe (EDO/2/15)"]
[Site "?"]
[Date "1994.??.??"]
[Round "?"]
[White "Sloan, Thomas"]
[Black "Collins, Charles"]
[Result "1-0"]
[WhiteElo "2105"]
[BlackElo "1720"]
[PlyCount "51"]
[EventDate "1994.??.??"]

{2/(15)} 1. f4 e5 2. fxe5 d6 3. Nf3 Nc6 4. exd6 Bxd6 5. d4 Bg4 6. Bg5 Nge7 7.
c3 h6 8. Bh4 f5 9. e3 g5 10. Bf2 Qd7 11. Bb5 a6 12. Ba4 b5 13. Bb3 Na5 14. Nbd2
c5 15. h3 Bh5 16. dxc5 Bxc5 17. Ne5 Bxd1 18. Bf7+ Kd8 19. Nxd7 Kxd7 20. Rxd1
Kc6 21. b4 Rhf8 22. Bh5 Nd5 23. Bf3 Bxe3 24. Bxe3 Rfe8 25. Kf2 Nc4 26. Nxc4 1-0

[Event "Eastpointe (EDO/4/4)"]
[Site "?"]
[Date "1994.??.??"]
[Round "?"]
[White "Sloan, Thomas"]
[Black "Chehayeb, Sal"]
[Result "1-0"]
[WhiteElo "2105"]
[BlackElo "2015"]
[PlyCount "91"]
[EventDate "1994.??.??"]

{4/(4)} 1. f4 e5 2. fxe5 d6 3. Nf3 Nc6 4. d4 Bg4 5. Bg5 Qd7 6. e6 fxe6 7. e4
Be7 8. Be3 Bh4+ 9. g3 Bf6 10. Bg2 Nge7 11. c3 Ng6 12. Nbd2 O-O 13. h3 Bxf3 14.
Bxf3 e5 15. Bg4 Qe7 16. d5 Nd8 17. Nf3 c6 18. Qd2 cxd5 19. Qxd5+ Nf7 20. O-O-O
Qc7 21. Be6 Rad8 22. Ng5 Bxg5 23. Bxg5 Ne7 24. Bxe7 Qxe7 25. Rhf1 g6 26. Rxf7
Rxf7 27. Rf1 Rdf8 28. Kc2 Kg7 29. Rxf7+ Rxf7 30. Bxf7 Qxf7 31. Qxf7+ Kxf7 32.
Kd3 Ke6 33. Kc4 a6 34. a4 b6 35. b4 g5 36. g4 h6 37. Kd3 d5 38. exd5+ Kxd5 39.
c4+ Kd6 40. Ke4 a5 41. b5 Kc5 42. Kxe5 Kxc4 43. Kd6 Kb4 44. Kc6 Kxa4 45. Kxb6
Kb4 46. Kc6 1-0

[Event "Detroit (Beg/2/13)"]
[Site "?"]
[Date "1994.??.??"]
[Round "?"]
[White "Sloan, M."]
[Black "Wagoner, M."]
[Result "0-1"]
[WhiteElo "1605"]
[BlackElo "1605"]
[PlyCount "60"]
[EventDate "1994.??.??"]

{2/(13)} 1. c3 e5 2. Nf3 Bd6 3. g3 Nc6 4. Bg2 Nf6 5. O-O Bc5 6. Bh3 O-O 7. Ng5
h6 8. c4 hxg5 9. d3 d5 10. cxd5 Bxh3 11. Bxg5 Bxf1 12. Kxf1 Nd4 13. Nc3 Nf5 14.
g4 Nh4 15. Bxh4 c6 16. Na4 Bb4 17. f3 cxd5 18. Bf2 e4 19. fxe4 dxe4 20. b3 Nxg4
21. h3 Nxf2 22. h4 Nxd1 23. Rxd1 Qxh4 24. Kg1 f5 25. d4 Qg4+ 26. Kf1 Qh3+ 27.
Kf2 e3+ 28. Kg1 Rac8 29. Re1 Rf6 30. Nb2 Rg6# 0-1

[Event "Detroit (Beg/4/14)"]
[Site "?"]
[Date "1994.??.??"]
[Round "?"]
[White "Sloan, M."]
[Black "Crayson, T."]
[Result "0-1"]
[WhiteElo "1605"]
[BlackElo "1605"]
[PlyCount "56"]
[EventDate "1994.??.??"]

{4/(14)} 1. f4 d5 2. Nf3 Nc6 3. Nc3 Nf6 4. d3 Bf5 5. Ne5 Qd6 6. Nf3 O-O-O 7. e3
e6 8. Be2 Qc5 9. O-O Bd6 10. Kh1 Rhe8 11. Rb1 d4 12. Bd2 dxc3 13. Bxc3 e5 14.
fxe5 Bxe5 15. Nxe5 Nxe5 16. Rxf5 Qxe3 17. Bf1 Neg4 18. Bxf6 gxf6 19. g3 Nf2+
20. Kg2 Nxd1 21. Rxd1 c5 22. h4 Re5 23. Rf2 Rde8 24. g4 f5 25. Rxf5 Rxf5 26.
gxf5 Rg8+ 27. Kh2 Qg3+ 28. Kh1 Qg1# 0-1

[Event "Detroit (Beg/4/9)"]
[Site "?"]
[Date "1994.??.??"]
[Round "?"]
[White "Sloan, L."]
[Black "Munger, R."]
[Result "0-1"]
[WhiteElo "1605"]
[BlackElo "1605"]
[PlyCount "32"]
[EventDate "1994.??.??"]

{4/(9)} 1. e4 e5 2. Nf3 d6 3. Nc3 Nf6 4. d4 Nfd7 5. Bg5 Be7 6. Qd2 exd4 7. Nd5
Nf6 8. Qxd4 Nc6 9. Bb5 Bd7 10. Qc4 a6 11. Nd4 axb5 12. Nxb5 O-O 13. Rd1 Nxe4
14. Bxe7 Nxe7 15. Qxe4 Nxd5 16. Qxd5 Qe8+ {[Here White played the illegal 17.
0-0. 0-1, 32]} 0-1

[Event "Detroit (Beg/2/11)"]
[Site "?"]
[Date "1994.??.??"]
[Round "?"]
[White "Sloan, F."]
[Black "Huizar, F."]
[Result "0-1"]
[WhiteElo "1605"]
[BlackElo "1605"]
[PlyCount "58"]
[EventDate "1994.??.??"]

{2/(11)} 1. e4 e5 2. Nc3 Bc5 3. Nf3 Bb6 4. Nxe5 Qe7 5. d4 Nc6 6. Nf3 d6 7. Bg5
f6 8. Bh4 g5 9. Bg3 f5 10. Bb5 fxe4 11. Bxc6+ bxc6 12. Ng1 Ba6 13. Qh5+ Kd8 14.
Na4 Ba5+ 15. Kd1 e3 16. Ne2 exf2 17. c3 Bxe2+ 18. Kd2 Bxh5 19. b4 Qe2+ 20. Kc1
f1=Q+ 21. Rxf1 Qxf1+ 22. Kc2 Qxg2+ 23. Kb3 Rb8 24. Kc4 Bf7+ 25. Kd3 Nf6 26.
bxa5 Re8 27. c4 Qe2+ 28. Kc3 Bg6 29. Re1 Qc2# 0-1

[Event "Detroit (Beg/3/8)"]
[Site "?"]
[Date "1994.??.??"]
[Round "?"]
[White "Sloan, A."]
[Black "Willman, T."]
[Result "0-1"]
[WhiteElo "1605"]
[BlackElo "1605"]
[PlyCount "42"]
[EventDate "1994.??.??"]

{3/(8)} 1. e4 e5 2. Nf3 Nc6 3. d3 d5 4. Nc3 Bb4 5. Bd2 Bxc3 6. bxc3 Nf6 7. Bg5
dxe4 8. dxe4 Qd6 9. Qc1 Nxe4 10. Be2 Nxc3 11. Bd2 Qc5 12. h4 Bf5 13. a4 O-O-O
14. O-O Nxe2+ 15. Kh1 Nxc1 16. Raxc1 Qe7 17. Rb1 e4 18. Ne1 Rxd2 19. Rb3 Qxh4+
20. Kg1 Nd4 21. f3 Ne2# 0-1

[Event "Detroit (Beg/5/14)"]
[Site "?"]
[Date "1994.??.??"]
[Round "?"]
[White "Sloan, A."]
[Black "Bullard, M."]
[Result "0-1"]
[WhiteElo "1605"]
[BlackElo "1605"]
[PlyCount "62"]
[EventDate "1994.??.??"]

{5/(14)} 1. e4 e5 2. Nf3 Nc6 3. Bb5 a6 4. Bxc6 bxc6 5. Nc3 Nf6 6. d3 h6 7. b3
Bc5 8. Rb1 Bb4 9. a3 Bxc3+ 10. Kf1 d6 11. h4 O-O 12. Kg1 Rb8 13. b4 Be6 14. Kh2
c5 15. Qe2 cxb4 16. axb4 Ba2 17. Qd1 Bxb1 18. Be3 Ba2 19. Ng1 Bxb4 20. Ne2 Ba3
21. Qa1 Rb2 22. Nc1 Rb1 23. Qc3 Bxc1 24. Bxc1 Rb3 25. Qe1 Qb8 26. Qa5 Rb5 27.
Qxa2 Ng4+ 28. Kg1 Rb1 29. Qa3 Qb6 30. Qc3 Rxc1+ 31. Qe1 Rxe1# 0-1

[Event "Detroit (MOR/1b/1)"]
[Site "?"]
[Date "1994.??.??"]
[Round "?"]
[White "Sledge, Ernest"]
[Black "Smeckert, Dennis"]
[Result "1/2-1/2"]
[WhiteElo "1790"]
[BlackElo "1605"]
[PlyCount "66"]
[EventDate "1994.??.??"]

1. e4 e5 2. Nf3 Nc6 3. Nc3 Be7 4. Be2 Nf6 5. O-O d6 6. h3 Be6 7. d4 exd4 8.
Nxd4 Nxd4 9. Qxd4 Qd7 10. a3 O-O 11. Rd1 Ne8 12. e5 a6 13. Bd3 f5 14. Re1 dxe5
15. Qxe5 Rf6 16. Bg5 Bd6 17. Qe2 Rg6 18. Be3 Qc6 19. f3 Bg3 20. Bf2 Bxf2+ 21.
Kxf2 Nd6 22. a4 Re8 23. Qd2 Rf6 24. b3 Ne4+ 25. Bxe4 fxe4 26. Rxe4 Ref8 27. Kg1
Kh8 28. Rae1 Bxh3 29. gxh3 Rxf3 30. Rc4 Qb6+ 31. Qd4 Qxd4+ 32. Rxd4 Rxc3 33.
Rc4 Rxc4 1/2-1/2

[Event "Detroit (MCO/B/6/1)"]
[Site "?"]
[Date "1994.??.??"]
[Round "?"]
[White "Sledge, Ernest"]
[Black "Pritchett, P."]
[Result "1-0"]
[WhiteElo "1790"]
[BlackElo "1690"]
[PlyCount "135"]
[EventDate "1994.??.??"]

{6/(1)} 1. e4 e5 2. Nf3 d6 3. Nc3 Nf6 4. Be2 Be6 5. d4 Nbd7 6. h3 exd4 7. Nxd4
Be7 8. O-O O-O 9. f4 Nc5 10. f5 Bd7 11. Bf3 a5 12. Be3 Be8 13. Nde2 Nfd7 14.
Nd5 c6 15. Nxe7+ Qxe7 16. Nc3 Nxe4 17. Nxe4 d5 18. Bf4 dxe4 19. Bd6 Qh4 20. Be2
Nf6 21. Bxf8 Kxf8 22. Qd6+ Kg8 23. c4 Rc8 24. Rac1 c5 25. Qf4 Qxf4 26. Rxf4 Bc6
27. g4 Re8 28. g5 Nd7 29. Rd1 f6 30. Bh5 Rc8 31. g6 h6 32. Be2 Re8 33. Rd6 Kf8
34. Rf1 Re5 35. Re6 Rxe6 36. fxe6 Ne5 37. Kf2 Ke7 38. Ke3 Kxe6 39. Bg4+ Ke7 40.
b3 Nxg4+ 41. hxg4 b6 42. a3 Be8 43. b4 axb4 44. axb4 cxb4 45. Rb1 Kd6 46. Kd4
Kc6 47. Rxb4 Bxg6 48. Ra4 Kb7 49. Ra1 Bh7 50. Ke3 Bg8 51. Ra4 Be6 52. Kf4 g5+
53. Kg3 Bd7 54. Ra1 Kc6 55. Rf1 Bc8 56. Rxf6+ Kc5 57. Rxh6 Ba6 58. Kf2 Bxc4 59.
Ke3 Bd3 60. Rg6 b5 61. Rxg5+ Kc4 62. Rg8 b4 63. Rg7 b3 64. g5 Kc3 65. Rc7+ Bc4
66. g6 Kb4 67. Rxc4+ Kxc4 68. g7 {[Remainder illegible; 1-0, 72?]} 1-0

[Event "Detroit (MCO/B/1a/1)"]
[Site "?"]
[Date "1994.??.??"]
[Round "?"]
[White "Sledge, Ernest"]
[Black "McCarter, Robert"]
[Result "1/2-1/2"]
[WhiteElo "1790"]
[BlackElo "1725"]
[PlyCount "55"]
[EventDate "1994.??.??"]

1. e4 c5 2. Nf3 d6 3. Be2 Qc7 4. h3 Nf6 5. c3 Nc6 6. d3 e5 7. Na3 a6 8. Nc2 Be7
9. Ne3 Be6 10. Bd2 O-O 11. O-O b5 12. Ng5 d5 13. Bf3 d4 14. Nd5 Qd8 15. Nxe7+
Qxe7 16. Be2 Rfd8 17. Nxe6 Qxe6 18. f4 exf4 19. Rxf4 Ne5 20. Rf5 dxc3 21. bxc3
Nxd3 22. Bxd3 Rxd3 23. Qe2 Rad8 24. Bg5 Nxe4 25. Bxd8 Qxf5 26. Qxd3 Qf2+ 27.
Kh2 Qf4+ 28. Kg1 1/2-1/2

[Event "Detroit (MCO/B/5/4)"]
[Site "?"]
[Date "1994.??.??"]
[Round "?"]
[White "Sledge, Ernest"]
[Black "Jordan, Willie"]
[Result "1-0"]
[WhiteElo "1790"]
[BlackElo "1700"]
[PlyCount "115"]
[EventDate "1994.??.??"]

{5/(4)} 1. e4 c6 2. d4 d5 3. e5 Bf5 4. Nf3 Nd7 5. Be2 e6 6. O-O c5 7. c3 Qb6 8.
Nbd2 Ne7 9. Nb3 Nc6 10. Be3 c4 11. Bxc4 dxc4 12. d5 Qb5 13. dxc6 bxc6 14. Nbd4
Qxb2 15. Nxf5 exf5 16. Bd4 c5 17. Rb1 Qxa2 18. e6 fxe6 19. Re1 Qa6 20. Ng5
O-O-O 21. Nxe6 cxd4 22. Nxd8 Kxd8 23. Qxd4 Bc5 24. Qd1 Kc7 25. Qc2 Rf8 26. Ra1
Qb6 27. Reb1 Qe6 28. Rb5 Qc6 29. Rab1 Qe4 30. Qa2 Bb6 31. h3 Nc5 32. R5b4 Nb3
33. Rf1 Rd8 34. Qa6 Qb7 35. Qxc4+ Nc5 36. Qf7+ Rd7 37. Qxf5 Kb8 38. Re1 Qd5 39.
Re5 Qd1+ 40. Kh2 Qd6 41. g3 Nd3 42. Re8+ Rd8 43. Re6 Rf8 44. Rxd6 Rxf5 45. Rxd3
Rxf2+ 46. Kh1 Rf1+ 47. Kg2 Rf2+ 48. Kg1 Rf6+ 49. Rxb6+ axb6 50. Rd7 Rg6 51. Kg2
Kc8 52. Rf7 Kd8 53. g4 h5 54. Kf3 hxg4+ 55. hxg4 Rf6+ 56. Rxf6 gxf6 57. Ke4 Kd7
58. Kd5 1-0

[Event "Detroit (MOR/5/4)"]
[Site "?"]
[Date "1994.??.??"]
[Round "?"]
[White "Sledge, Ernest"]
[Black "Herron, J."]
[Result "0-1"]
[WhiteElo "1790"]
[BlackElo "1745"]
[PlyCount "144"]
[EventDate "1994.??.??"]

{5/(4)} 1. e4 d6 2. d4 Nf6 3. Nc3 g6 4. Nf3 Bg7 5. h3 O-O 6. Be2 e5 7. dxe5
dxe5 8. Qxd8 Rxd8 9. O-O Nh5 10. Nd5 Rd7 11. Be3 c6 12. Nb4 Nf4 13. Bxf4 exf4
14. c3 Re7 15. Rad1 Nd7 16. Bc4 h6 17. Rfe1 a5 18. Nc2 b5 19. Bf1 Bb7 20. Ncd4
Rae8 21. Bd3 Nc5 22. Bc2 Nxe4 23. Bxe4 Rxe4 24. Rxe4 Rxe4 25. Nb3 Re8 26. Nxa5
Ba8 27. Rd7 Rc8 28. Nb3 c5 29. Ne1 Bc6 30. Rd6 Bf8 31. Rd2 Ra8 32. a3 b4 33.
cxb4 cxb4 34. Kh2 bxa3 35. bxa3 Rxa3 36. Nd4 Be4 37. Ndf3 g5 38. Re2 Bg6 39.
Ne5 Bh5 40. f3 Kg7 41. Nc2 Ra4 42. Nd7 Bd6 43. Rd2 Bc7 44. Nc5 Rc4 45. Ne4 Bg6
46. Nd4 Bb6 47. Nc2 Bxe4 48. fxe4 Rxe4 49. Kh1 Kg6 50. Rd6+ Re6 51. Rd1 Bf2 52.
Nb4 Re1+ 53. Rxe1 Bxe1 54. Nd3 Bc3 55. Kg1 f5 56. Kf1 Ba5 57. Ke2 Bc7 58. Kf3
h5 59. Nb4 g4+ 60. Ke2 Kg5 61. Nd5 Bd6 62. Nc3 Kh4 63. Nd5 f3+ 64. gxf3 Kxh3
65. Ne3 f4 66. Nf5 Bc7 67. Ng7 g3 68. Nxh5 g2 69. Kf2 Bb6+ 70. Ke2 Be3 71.
Nxf4+ Bxf4 72. Kf2 Kh2 0-1

[Event "Detroit (MCO/B/3a/2)"]
[Site "?"]
[Date "1994.??.??"]
[Round "?"]
[White "Sledge, Ernest"]
[Black "Gyori, V."]
[Result "1-0"]
[WhiteElo "1790"]
[BlackElo "1605"]
[PlyCount "157"]
[EventDate "1994.??.??"]

1. e4 c5 2. Nf3 d6 3. c3 e6 4. Be2 Qc7 5. O-O Nf6 6. h3 Be7 7. Na3 a6 8. d3 O-O
9. Be3 b5 10. Rc1 Bb7 11. Bf4 Nbd7 12. Re1 e5 13. Bh2 Nb6 14. b3 Rac8 15. c4 b4
16. Nc2 Qd7 17. Ne3 Rfe8 18. Nf5 a5 19. Qd2 a4 20. Qg5 Bf8 21. N3h4 Ra8 22.
Nxg7 Bxg7 23. Nf5 Nh5 24. Bxh5 f6 25. Bxe8 fxg5 26. Bxd7 Nxd7 27. Nxd6 Bc6 28.
Nf5 axb3 29. Ne7+ Kf7 30. Nxc6 bxa2 31. Ra1 b3 32. Re2 Nb6 33. Bxe5 Bxe5 34.
Nxe5+ Ke6 35. Nf3 h6 36. g4 Ra3 37. Rb2 Na4 38. Rxb3 Rxb3 39. Rxa2 Rxd3 40. Kg2
Nb6 41. Ra6 Rd6 42. h4 gxh4 43. Nxh4 Nxc4 44. Rxd6+ Nxd6 45. f3 Ke5 46. Kf2 c4
47. Ke3 Nb5 48. f4+ Kd6 49. Nf5+ Kc5 50. g5 hxg5 51. fxg5 c3 52. Kd3 Kb4 53.
Ne3 Nd6 54. g6 Ne8 55. Nd5+ Kc5 56. Nxc3 Kd6 57. Kd4 Ke7 58. Nd5+ Kf8 59. Ke5
Ng7 60. Kf6 Nh5+ 61. Kg5 Ng7 62. Kh6 Ne6 63. e5 Ng7 64. Nf4 Nf5+ 65. Kh7 Ng7
66. Kh8 Nf5 67. e6 Nh6 68. g7+ Ke7 69. g8=Q Nxg8 70. Kxg8 Ke8 71. Ng6 Kd8 72.
Kf8 Kc7 73. e7 Kd6 74. e8=Q Kc5 75. Qd7 Kb4 76. Qc6 Ka3 77. Qb5 Ka2 78. Ne5 Ka1
79. Nc4 1-0

[Event "Detroit (MOR/7/7)"]
[Site "?"]
[Date "1994.??.??"]
[Round "?"]
[White "Sledge, Ernest"]
[Black "Carr, J."]
[Result "1/2-1/2"]
[WhiteElo "1790"]
[BlackElo "1700"]
[PlyCount "118"]
[EventDate "1994.??.??"]

{7/(7)} 1. e4 c5 2. Nf3 Nf6 3. Nc3 d5 4. e5 Nfd7 5. d4 e6 6. Bb5 Nc6 7. Bxc6
bxc6 8. Be3 Ba6 9. Ne2 cxd4 10. Bxd4 c5 11. Be3 Be7 12. O-O O-O 13. Re1 Rb8 14.
b3 Bb7 15. Bf4 Qc7 16. Ng3 Rbc8 17. c3 Qc6 18. h3 f5 19. exf6 Bxf6 20. Bd2 e5
21. Nh2 d4 22. Ne4 Bh4 23. Qg4 Nf6 24. Nxf6+ Rxf6 25. Nf3 Bxf2+ 26. Kxf2 e4 27.
cxd4 exf3 28. g3 Qd5 29. Rac1 Qxd4+ 30. Qxd4 cxd4 31. Rxc8+ Bxc8 32. Re8+ Rf8
33. Rxf8+ Kxf8 34. Kxf3 Bxh3 35. Ke4 Kf7 36. Kxd4 Ke6 37. a4 Kd6 38. b4 a6 39.
Bc3 g6 40. Ke3 Bd7 41. a5 h5 42. Kf4 Kd5 43. Kg5 Bf5 44. Bd2 Ke6 45. b5 Be4 46.
bxa6 Kf7 47. a7 Ba8 48. Be1 Bf3 49. Kf4 Bg2 50. Ke5 Ke7 51. Bb4+ Kd7 52. Kf6
Be4 53. Bc5 Kc8 54. a6 Kc7 55. Kg5 Kc8 56. Bd6 Kd7 57. Bf4 Kc8 58. a8=Q+ Bxa8
59. Kxg6 Bf3 1/2-1/2

[Event "Detroit (MOR/3/14)"]
[Site "?"]
[Date "1994.??.??"]
[Round "?"]
[White "Sledge, Ernest"]
[Black "Bedy, N."]
[Result "1-0"]
[WhiteElo "1790"]
[BlackElo "1605"]
[PlyCount "89"]
[EventDate "1994.??.??"]

{3/(14)} 1. e4 d5 2. e5 c5 3. c3 Nc6 4. d4 cxd4 5. cxd4 e6 6. Bd3 g6 7. Nf3 Bd7
8. Nc3 Nge7 9. Nb5 Nf5 10. g4 Bb4+ 11. Bd2 Bxd2+ 12. Qxd2 Ng7 13. Qf4 O-O 14.
O-O f6 15. Qh6 Ne8 16. exf6 Qxf6 17. Ng5 Qg7 18. Qh3 a6 19. Nc3 Nxd4 20. f4 h6
21. Nf3 Nxf3+ 22. Qxf3 Nd6 23. Rf2 Rf6 24. Qe3 Rf7 25. Qe5 Qxe5 26. fxe5 Rxf2
27. Kxf2 Rf8+ 28. Kg3 Nc4 29. Bxc4 dxc4 30. Ne4 Kg7 31. Rd1 Bc6 32. Nf6 Rxf6
33. exf6+ Kxf6 34. Kf4 e5+ 35. Ke3 Ke6 36. h4 g5 37. hxg5 hxg5 38. Rf1 Bd7 39.
Rf5 Ke7 40. Rxg5 Kf6 41. Rg8 Be6 42. g5+ Kf7 43. Rh8 Bf5 44. Rb8 b5 45. Rb6 1-0

[Event "Eastpointe (US Am N/6/26)"]
[Site "?"]
[Date "1994.??.??"]
[Round "?"]
[White "Skoda, Matt"]
[Black "Hartwig, Thomas"]
[Result "1-0"]
[WhiteElo "1605"]
[BlackElo "1605"]
[PlyCount "104"]
[EventDate "1994.??.??"]

{6/(26)} 1. d4 Nf6 2. c4 e6 3. Nc3 Bb4 4. Qb3 c5 5. dxc5 Nc6 6. Nf3 Qa5 7. Bd2
Qxc5 8. a3 Bxc3 9. Bxc3 Na5 10. Qc2 Qxc4 11. e3 Qc7 12. b4 Nd5 13. Rc1 Qxc3+
14. Qxc3 Nxc3 15. Rxc3 Nc6 16. Bd3 d5 17. Bb5 Bd7 18. Kd2 a6 19. Bxc6 Bxc6 20.
Rhc1 O-O 21. Ne5 d4 22. exd4 Bxg2 23. f3 Rfd8 24. Ke3 Bh3 25. Rc7 f6 26. Nf7
Rf8 27. Nd6 a5 28. b5 b6 29. R1c6 Rab8 30. Nc4 Bf1 31. Rxe6 Rbc8 32. Ree7 Rfe8
33. Nd6 Rxe7+ 34. Rxe7 Rc3+ 35. Kf2 Bxb5 36. Nxb5 Rc2+ 37. Re2 Rc6 38. Rd2 Kf7
39. d5 Rc5 40. d6 Ke8 41. Re2+ Kd8 42. a4 Rc4 43. Re4 Rc5 44. Rd4 Rc2+ 45. Kg3
Ra2 46. d7 Re2 47. Na7 Re7 48. Nc6+ Kc7 49. d8=Q+ Kxc6 50. Qxe7 b5 51. Qd6+ Kb7
52. Qd7+ Kb6 1-0

[Event "Eastpointe (US Am N/2/38)"]
[Site "?"]
[Date "1994.??.??"]
[Round "?"]
[White "Skoda, Matt"]
[Black "Gentry, Bronson"]
[Result "1-0"]
[WhiteElo "1605"]
[BlackElo "1605"]
[PlyCount "109"]
[EventDate "1994.??.??"]

{2/(38)} 1. d4 d5 2. c4 f5 3. cxd5 Qxd5 4. Nc3 Qd8 5. Nf3 Nf6 6. Bf4 e6 7. e3
Bb4 8. Qa4+ Nc6 9. Bb5 Bd7 10. Bxc6 Bxc3+ 11. bxc3 Bxc6 12. Qb3 Qe7 13. Ke2 h6
14. h4 O-O-O 15. a4 Qf7 16. Ne5 Qh5+ 17. f3 Bd5 18. c4 Bc6 19. Nxc6 bxc6 20.
Rab1 Kd7 21. Qb7 Ne8 22. Qxa7 Qf7 23. Rb7 Rc8 24. Rhb1 e5 25. Bxe5 Qxc4+ 26.
Kf2 Nd6 27. Bxd6 Kxd6 28. Rb8 Rxb8 29. Rxb8 Rxb8 30. Qxb8 Qxa4 31. Qf8+ Kd5 32.
Qc5+ Ke6 33. Qe5+ Kf7 34. Qxf5+ Kg8 35. Qc8+ Kh7 36. Qxc7 Qb4 37. Qxc6 Qd2+ 38.
Kg3 Qxe3 39. Qe4+ Qxe4 40. fxe4 Kg6 41. d5 Kf6 42. Kf4 g5+ 43. hxg5+ hxg5+ 44.
Kg4 Ke5 45. Kxg5 Kd6 46. Kf5 Ke7 47. g4 Kf7 48. d6 Ke8 49. e5 Kd7 50. g5 Ke8
51. Kf6 Kf8 52. d7 Kg8 53. d8=Q+ Kh7 54. Qe7+ Kh8 55. Qg7# 1-0

[Event "Eastpointe (US Am N/4/37)"]
[Site "?"]
[Date "1994.??.??"]
[Round "?"]
[White "Skoda, Matt"]
[Black "Aldrich, Justin"]
[Result "1-0"]
[WhiteElo "1605"]
[BlackElo "1605"]
[PlyCount "57"]
[EventDate "1994.??.??"]

{4/(37)} 1. d4 d5 2. c4 dxc4 3. Nf3 Nf6 4. Nc3 Bd7 5. e4 e6 6. Bxc4 Bb4 7. Bd2
Bxc3 8. bxc3 Nxe4 9. Qc2 Nxd2 10. Kxd2 Bc6 11. Qd3 Qf6 12. Bb5 a6 13. Bxc6+
Nxc6 14. h4 h6 15. Rab1 Rd8 16. Rxb7 e5 17. Qe4 Qd6 18. Re1 f6 19. Qg6+ Kf8 20.
Re4 Na5 21. Rg4 Rg8 22. Rb4 c5 23. Ra4 Qb6 24. Nxe5 Qc7 25. Rxa5 Rd6 26. Rxc5
Qe7 27. Rc8+ Rd8 28. Rxd8+ Qxd8 29. Qf7# 1-0

[Event "Detroit (Class A/3/11)"]
[Site "?"]
[Date "1994.??.??"]
[Round "?"]
[White "Skidmore, Mike"]
[Black "Williams, Ron"]
[Result "1-0"]
[WhiteElo "1930"]
[BlackElo "1905"]
[PlyCount "72"]
[EventDate "1994.??.??"]

{3/(11)} 1. e4 c5 2. Nf3 Nc6 3. Bb5 Qc7 4. O-O g6 5. Nc3 e6 6. Bxc6 bxc6 7. d4
d5 8. Re1 Bb7 9. Be3 Nf6 10. dxc5 Rd8 11. Qe2 Nd7 12. exd5 cxd5 13. Bd4 Rg8 14.
Ng5 Nxc5 15. Bxc5 Bxc5 16. Nxe6 fxe6 17. Qxe6+ Kf8 18. Qf6+ Qf7 19. Qxd8+ Kg7
20. Qh4 Rf8 21. Re2 Ba6 22. Rd2 Be3 23. Rad1 g5 24. Qg3 Bf4 25. Qf3 Bxd2 26.
Qxf7+ Rxf7 27. Rxd2 Re7 28. f3 h5 29. Nxd5 Re1+ 30. Kf2 Rf1+ 31. Ke3 Re1+ 32.
Kd4 h4 33. c4 Kf7 34. b4 Bb7 35. c5 Ke6 36. Nc3 Rg1 1-0

[Event "Ann Arbor (HVA/1/4)"]
[Site "?"]
[Date "1994.??.??"]
[Round "?"]
[White "Skidmore, Mike"]
[Black "Vangilder, W."]
[Result "1-0"]
[WhiteElo "1900"]
[BlackElo "1605"]
[PlyCount "63"]
[EventDate "1994.??.??"]

{1/(4)} 1. e4 Nc6 2. Nf3 d6 3. Bc4 h6 4. O-O Bg4 5. c3 Nf6 6. d3 Bxf3 7. Qxf3
Ne5 8. Qe2 Nxc4 9. dxc4 e6 10. Nd2 Qd7 11. Rd1 Be7 12. Nf1 Qc6 13. e5 dxe5 14.
Qxe5 Qxc4 15. Ne3 Qc6 16. c4 Bd6 17. Qc3 O-O-O 18. b4 Nh5 19. b5 Nf4 20. Qc2
Qc5 21. a4 Qg5 22. g3 h5 23. Ng2 Nh3+ 24. Kf1 Qf6 25. Be3 h4 26. Nxh4 Kb8 27.
a5 g5 28. Ng2 Be5 29. Rxd8+ Rxd8 30. Rb1 Bc3 31. a6 Qh6 32. Qe4 1-0

[Event "Eastpointe (US Am N/1b/9)"]
[Site "?"]
[Date "1994.??.??"]
[Round "?"]
[White "Skidmore, Mike"]
[Black "Troupe, D."]
[Result "1-0"]
[WhiteElo "1900"]
[BlackElo "1605"]
[PlyCount "43"]
[EventDate "1994.??.??"]

1. e4 e5 2. Nf3 Nc6 3. Bb5 a6 4. Ba4 Nf6 5. d3 h6 6. Bxc6 dxc6 7. Nxe5 Qd4 8.
Nf3 Qb4+ 9. c3 Qb6 10. Qc2 Ng4 11. O-O Bc5 12. d4 Be7 13. e5 h5 14. Bg5 Nh6 15.
Bxe7 Kxe7 16. Nbd2 Bf5 17. Qc1 Rad8 18. Nc4 Qb5 19. Qg5+ Ke6 20. d5+ Kd7 21.
dxc6+ Kxc6 22. Nd4+ 1-0

[Event "Eastpointe (US Am N/5/16)"]
[Site "?"]
[Date "1994.??.??"]
[Round "?"]
[White "Skidmore, Mike"]
[Black "Rosebrook, G."]
[Result "1-0"]
[WhiteElo "1900"]
[BlackElo "1605"]
[PlyCount "45"]
[EventDate "1994.??.??"]

{5/(16)} 1. e4 Nc6 2. Nf3 g6 3. d4 Bg7 4. c3 e6 5. Bg5 Bf6 6. Bxf6 Qxf6 7. Bd3
d6 8. O-O Bd7 9. a4 h5 10. Na3 a6 11. b4 Nh6 12. Qd2 e5 13. b5 Na5 14. Rab1
axb5 15. Bxb5 Bxb5 16. Nxb5 Kd7 17. dxe5 Nc4 18. exf6 Nxd2 19. Nxd2 Rxa4 20.
Rfd1 Ng4 21. Nb3 Nxf6 22. Nc5+ Kc6 23. Nxa4 1-0

[Event "Detroit (MI Op/6/11)"]
[Site "?"]
[Date "1994.??.??"]
[Round "?"]
[White "Skidmore, Mike"]
[Black "Robbins, Fred"]
[Result "1-0"]
[WhiteElo "1900"]
[BlackElo "2055"]
[PlyCount "113"]
[EventDate "1994.??.??"]

{6/(11)} 1. e4 Nf6 2. e5 Nd5 3. Bc4 Nb6 4. Bb3 Nc6 5. d4 d5 6. exd6 Qxd6 7. c3
e5 8. Qf3 f5 9. d5 Na5 10. Ne2 Nxb3 11. axb3 Qxd5 12. Nd2 Qxf3 13. Nxf3 Bd6 14.
Ra5 Nd7 15. O-O b6 16. Ra2 O-O 17. Rd1 Bb7 18. Ng5 Nf6 19. f4 Bc5+ 20. Kf1 Rfd8
21. Rxd8+ Rxd8 22. Ke1 Ng4 23. Ng3 Bxg2 24. Rxa7 e4 25. Rxc7 Bf2+ 26. Ke2 Bf3+
27. Nxf3 exf3+ 28. Kxf3 Bxg3 29. hxg3 Rd1 30. Be3 Rd3 31. Re7 Kf8 32. Ke2 Rd8
33. Re6 Kf7 34. Bxb6 Rd7 35. Rc6 Re7+ 36. Kd2 Nf6 37. Rxf6+ gxf6 38. b4 Ke6 39.
Kd3 Kd5 40. c4+ Kc6 41. Bd4 Re1 42. Bxf6 Rg1 43. Bh4 Rg2 44. Kc3 Re2 45. b5+
Kb6 46. b3 Kc5 47. b4+ Kd6 48. c5+ Kd5 49. Kb3 Re3+ 50. Ka4 Re8 51. Ka5 Kc4 52.
c6 Kd5 53. c7 Kd6 54. Bd8 Kd7 55. b6 Kc8 56. Ka6 Re6 57. Ka7 1-0